| 000 | 02023nab a2200193 i 4500 | ||
|---|---|---|---|
| 001 | 768714001 | ||
| 003 | CO-MdFUSB | ||
| 005 | 20221020145958.0 | ||
| 008 | 221020s1990 sp ||||| |||| 00| 0 spa d | ||
| 040 |
_bpor _cCO-MdFUSB _dCO-MdFUSB |
||
| 041 | _aspa | ||
| 100 |
_aAlsina, José, _eautor |
||
| 245 |
_aPlutarco : _bel historiador Plutarco _c/ José Alsina |
||
| 300 |
_aNúmero 20, (1990), páginas 90-101 _c; 27 |
||
| 520 | _aLa vida de Plutarco se desarrolla en los últimos años del siglo I y los comienzos del II después de Jesucristo. Aunque desconocemos las fechas exactas de su nacimiento y de su muerte, lo más sensato a juicio de Ziegler es señalar, como fechas entre las que trans curre su existencia, el 50 y el 120 d. de C. Así, nuestro escritor va a caballo de dos siglos. ¡Y qué siglos Formando como una unidad espiritual, y, por tanto, dotados de cualidades parecidas, estas dos primeras centurias pueden calificarse de trascendentales en la historia espiritual de la humanidad. Cierto que no es una época de grandes escritores, si entendemos por tales aquellos espíritus dotados de una genialidad arrebatadora. Cierto, también, que no hallamos espíritus filosóficos creadores de sistemas nuevos, de nuevas y audaces concepciones del mundo y de la vida. Más bien podemos decir que (sobre todo en lo que al mundo pagano se refiere) nos hallamos ante un período de transición, en el que que se van gestando ideales que más adelante darán a luz nuevos valores espirituales. El mismo Plutarco es un ecléctico, aunque no debemos entender este adjetivo en su valor peyorativo: por el contrario, quizá será más justo decir que todo su esfuerzo radica en la creación de una visión de la vida que se halle igualmente alejada de los dos extremos que dominaban en esta época: la superstición y el racionalismo. | ||
| 653 | _aHistoriografía griega | ||
| 773 | 0 |
_068212 _981328 _oR2115 _tAnthropos : _w(CO-MdFUSB)768714001 _gNúmero 20, (1990), páginas 90-101 _qpáginas 90-101 |
|
| 942 | _cANA | ||
| 999 |
_c68316 _d68316 |
||